000 00432 a2200145 4500
001 88207
082 _aPR 412
090 _c41621
_d41621
100 _aAmir Dawood, Waqas Nazar, Umair Sufian, Salman Ahmed
245 _aFabrication of a Full scale Weapon capable UAV (Killer Drone) (With CD)
_cMessam Abbas Naqvi
_pCAEG-64 (A)
250 _a1st
260 _aRisalpur
_bNUST
_c2008
300 _a131p
500 _aBE Project Reports
942 _aCAE NUST
_kPR 412
999 _c323280
_d323280